000 00230nam a22000857a 4500
008 160914b xxu||||| |||| 00| 0 eng d
100 _9432
_aGupta.N.
245 _aFinancial statement-XII
260 _aNew Delhi
_bDhanpat Publications
_c2012
999 _c3091
_d3091